000 00219nam a22000857a 4500
008 170113b xxu||||| |||| 00| 0 eng d
100 _92402
_aJain.S.K.etal.
245 _aphysics practical-XII
260 _aNew Delhi
_bL.P.
_c2011
999 _c5423
_d5423